| 000 | 00724na a2200241 4500 | ||
|---|---|---|---|
| 001 | 17036 | ||
| 003 | MIRAKIL | ||
| 005 | 20181213154741.0 | ||
| 008 | 161021b tu 000 0 | ||
| 020 | _a9756637005 | ||
| 040 |
_aMilas _btur _cTR-AnCHP |
||
| 041 | _atur | ||
| 082 |
_a930.102561 _bT96 2000 |
||
| 090 | _a930.102561 T96 2000 | ||
| 245 |
_aTürkiye arkeolojik tahribat raporu 2001 _cTASK Vakfı |
||
| 260 |
_aİstanbul _bTask Vakfı _c2000 |
||
| 300 |
_a47 s. _bres.; tbl.; grf. _c27 sm. |
||
| 440 | _aTürkiye Arkeolojik Yerleşimleri Projesi | ||
| 651 |
_aTürkiye _xArkeoloji _zEge bölgesi |
||
| 651 |
_aTürkiye _xArkeoloji _yKazılar |
||
| 651 |
_aTürkiye _xArkeoloji _zMarmara bölgesi |
||
| 942 |
_2ddc _cBKS |
||
| 999 |
_c275 _d275 |
||